00744nai a2200181Ia 4500003000900000008004100009022002200050022002300072040001600095245007900111260008600190310001400276362002800290521006900318650005800387650002900445856008800474IN-BaIIA211028c9999 xx s 000 0 eng d a1063-6552 (Print) a1558-1861 (Online) cIIA Library 0aIEEE Parallel & Distributed Technology: Systems & Applicationsh[eJournal] aNew York, USAbThe Institute of Electrical and Electronics Engineers, Inc. (IEEE) aQuarterly a1(1); 1993 - 4(4); 1996 bSubscribed through National Knowledge Resource Consortium (NKRC) a Communication, Networking and Broadcast Technologies aComputing and Processing uhttps://ieeexplore.ieee.org/servlet/opac?punumber=88yClick Here to Access eJournal